000 00497nam a22001817a 4500
999 _c9063
_d9063
003 GBCCL
005 20241126110704.0
008 220330b ||||| |||| 00| 0 eng d
040 _cGBC
082 _aVER 266.0092
_bTOM
100 _aTombing, Pumzathang
_9700
245 _aThangkhal missionary :
_bPastor Thawngluan, 1902-1983
260 _aLamka:
_bGinsuanhau Zou ,
_c2021.
300 _a86p. ;
650 _aMissionary -- Biography
_913323
650 _aThawngluan
_915824
942 _2ddc
_cBK